000
00263nam a2200121Ia 4500
020
_a
0-85334-993-2
082
_b
WHE
100
_a
Whelan, A
245
0
_a
Injection moulding materials
260
_a
London
_b
Applied Science
_c
1982
300
_a
398p.
942
_c
BK
999
_c
36710
_d
36710